[Event "Flims op 9th"]
[Site "Flims"]
[Date "2020.10.11"]
[Round "5"]
[White "Waldschuetz, Rainer"]
[Black "Joller, Hans"]
[Result "0-1"]
[WhiteElo "1317"]
[BlackElo "1783"]
[PlyCount "74"]
[EventDate "2020.10.09"]
[EventType "swiss"]
[EventRounds "5"]
[EventCountry "SUI"]
[SourceTitle "CBM 198 Extra"]
[Source "ChessBase"]
[SourceDate "2020.11.30"]
[SourceVersion "1"]
[SourceVersionDate "2020.11.30"]
[SourceQuality "1"]

1. c4 Nf6 2. g3 g6 3. Bg2 Bg7 4. Nf3 0-0 5. 0-0 Re8 6. Nc3 e5 7. e4 c6 8. d4 exd4 9. Nxd4 d6 10. Bg5 Nbd7 11. f4 Qb6 12. Kh1 Nc5 13. f5 Nfxe4 14. Nxe4 Nxe4 15. fxg6 Nxg5 16. gxh7+ Kh8 17. Qh5 Qxd4 18. Qxg5 Be6 19. Rf4 Qe5 20. Qh4 Qxb2 21. Raf1 d5 22. cxd5 cxd5 23. Bf3 Be5 24. Ra4 Qb5 25. Re1 d4 26. Rxd4 Bxd4 27. Qxd4+ Kxh7 28. Qh4+ Kg7 29. g4 Rad8 30. Be4 Rh8 31. Qf2 Qe5 32. Bf5 Rxh2+ 33. Qxh2 Qxe1+ 34. Kg2 Rd2+ 35. Kh3 Rxh2+ 36. Kxh2 Qf2+ 37. Kh3 Bd5 0-1

[Event "Flims op 9th"]
[Site "Flims"]
[Date "2020.10.10"]
[Round "2"]
[White "Guba, Viktor"]
[Black "Waldschuetz, Rainer"]
[Result "1-0"]
[WhiteElo "1539"]
[BlackElo "1317"]
[PlyCount "83"]
[EventDate "2020.10.09"]
[EventType "swiss"]
[EventRounds "5"]
[EventCountry "SUI"]
[SourceTitle "CBM 198 Extra"]
[Source "ChessBase"]
[SourceDate "2020.11.30"]
[SourceVersion "1"]
[SourceVersionDate "2020.11.30"]
[SourceQuality "1"]

1. e4 e5 2. Nf3 Nc6 3. Bc4 Nf6 4. d3 h6 5. 0-0 d6 6. a4 Bg4 7. c3 Qd7 8. Nbd2 0-0-0 9. b4 d5 10. exd5 Nxd5 11. Qc2 Nb6 12. a5 Nxc4 13. dxc4 Qd3 14. Qb3 Bxb4 15. cxb4 Qxb3 16. Nxb3 Bxf3 17. gxf3 Nxb4 18. Nc5 Rd4 19. Ra4 Rxc4 20. Nd3 c5 21. Nxb4 cxb4 22. Bd2 Rd8 23. Rxb4 Rxb4 24. Bxb4 f6 25. Rc1+ Kb8 26. Be7 Re8 27. Bd6+ Ka8 28. Rc7 Rd8 29. Rxg7 a6 30. Bc5 Kb8 31. Bb6 Rf8 32. Rg6 h5 33. Rh6 Rg8+ 34. Kf1 Kc8 35. Rxf6 Rg5 36. Rd6 Rg8 37. Rd5 Re8 38. Ke2 e4 39. f4 h4 40. Ke3 h3 41. f5 Rf8 42. f6 1-0